Normal view
MARC view
- THE Z80 MICROPROCESSOR
Entry Topical Term
001 - CONTROL NUMBER
- control field: 65982
003 - CONTROL NUMBER IDENTIFIER
- control field: NUST
005 - DATE AND TIME OF LATEST TRANSACTION
- control field: 20210628203523.0
008 - FIXED-LENGTH DATA ELEMENTS
- fixed length control field: 210628|| aca||aabn | a|a d
040 ## - CATALOGING SOURCE
- Original cataloging agency: NUST
- Transcribing agency: NUST
150 ## - HEADING--TOPICAL TERM
- Topical term or geographic name entry element: THE Z80 MICROPROCESSOR
670 ## - SOURCE DATA FOUND
- Source citation: Work cat.: (NUST): BREY, BARRY 65981, THE Z80 MICROPROCESSOR , HARDWARE, SOFTWARE, PROGRAMMING AND INTERFACING, 1988
